000 00508nam a22001817a 4500
005 20251108171102.0
008 250721s1967 xx 000 0 ara d
082 1 4 _a811.1/قيس
100 1 _aالخطيم، قيس
245 1 0 _aديوان قيس بن الخطيم /
250 _aط2.
264 1 _aبيروت :
_bدار صادر،
_c1967.
300 _a332 ص.
650 1 7 _aالشعر الجاهلي
700 1 _aالأسد، ناصرالدين
_eتحقيق
942 _2ddc
_cBK
999 _c56233
_d56233